000 00348nam a2200133Ia 4500
008 240624s9999 xx 000 0 und d
041 _aeng
082 _a658.4038011 FOR
100 _aFOREMAN JOHN W
245 _aDATA SMART USING DATA SCIENCE TO TRANSFO
260 _c2014
_aNew Delhi
_bwiley
300 _axx, : 409. : cm. ; 23
365 _cRS
_b31
999 _c23036
_d23036